000 00806nam a22002057a 4500
999 _c19181
_d19181
003 AR-CdUCM
008 190516b ||||| |||| 00| 0 spa d
040 _aMUNICIPALIDAD PROVINCIAL DEL CUSCO
_cBIBLIOTECA MUNICIPAL DEL CUSCO
082 _a927 /
_bS99
100 _aSymonds, John Addington
_98098
245 _aVida de Miguel Ángel /
260 _aMéxico, D.F. :
_bBiografias gandesa,
_c1956.
300 _a433 páginas ;
_c22 cm.
505 _aContenido: Nacimiento, infancia y juventud de Miguel Angel en florencia hasta la muerte de Lorenzo de Médicis -- Primeras vistas a Bolonia y Roma, la Madonna della febbre y otras esculturas en mármol...
650 _aBiografía
_922
650 _aArtista
_913411
700 _aRoces, Wenceslao
_95238
942 _2ddc
_cLIBROS
945 _aacv
_d2019-05-16